000
00340pab a2200145 454500
008
180718b2004 xxu||||| |||| 00| 0 eng d
100
_a
Khandwalla, Pradip N.
245
_a
Competencies for senior manager roles
260
_c
2004
300
_a
p.11-24.
362
_a
Oct-Dec
650
_a
Managers
773
_a
Vikalpa
909
_a
63727
999
_c
63727
_d
63727